书目信息 |
| 题名: |
经典集成电路应用手册
|
|
| 作者: | 罗厚军 , 魏敏敏 主编 | |
| 分册: | ||
| 出版信息: | 福州 福建科学技术出版社 2006.02 |
|
| 页数: | 466页 | |
| 开本: | 26cm | |
| 丛书名: | ||
| 单 册: | ||
| 中图分类: | TN4-62 | |
| 科图分类: | ||
| 主题词: | 集成电路--技术手册 , 集成电路 | |
| 电子资源: | ||
| ISBN: | 7-5335-2700-3 | |
| 000 | 00670nam0 2200217 450 | |
| 001 | 0635701703 | |
| 005 | 20061010153912.84 | |
| 010 | @a7-5335-2700-3@dCNY 58.00 | |
| 100 | @a20060819d2006 km y0chiy0120 ea | |
| 101 | 0 | @achi |
| 102 | @aCN@b350000 | |
| 200 | 1 | @a经典集成电路应用手册@Ajing dian ji cheng dian lu ying yong shou ce@f主编罗厚军,魏敏敏@Fzhu bian luo hou jun,wei min min |
| 210 | @a福州@c福建科学技术出版社@d2006.02 | |
| 215 | @a466页@d26cm | |
| 606 | 0 | @a集成电路@x技术手册 |
| 606 | 0 | @a集成电路 |
| 690 | @aTN4-62@v4 | |
| 701 | 0 | @a罗厚军@Aluo hou jun@4主编 |
| 701 | 0 | @a魏敏敏@Awei min min@4主编 |
| 801 | @aCN@c20061010 | |
| 905 | @apdsgxy@dTN4-62@eL942 | |
| 经典集成电路应用手册/主编罗厚军,魏敏敏.-福州:福建科学技术出版社,2006.02 |
| 466页;26cm |
| ISBN 7-5335-2700-3:CNY 58.00 |
| ● |
| 相关链接 |
|
|
|
正题名:经典集成电路应用手册
索取号:TN4-62/L942
 
预约/预借
| 序号 | 登录号 | 条形码 | 馆藏地/架位号 | 状态 | 备注 |
| 1 | 608618 | 206086180 | 自科库301/301自科库 19排4列5层/ [索取号:TN4-62/L942] | 在馆 | |
| 2 | 608619 | 206086199 | 自科二线504/504自科库 30排4列3层/ [索取号:TN4-62/L942] | 在馆 | |
| 3 | 608620 | 206086206 | 自科库301/301自科库 26排3列3层/ [索取号:TN4-62/L942] | 在馆 |